Los evangelios apócrifos: una introducción

Guardat en:
Dades bibliogràfiques
Autor principal: Klauck, Hans-Josef (Autor)
Format: Llibre
Idioma:espanyol
Publicat: Santander Editorial Sal Terrae 2006
Edició:2a. ed
Col·lecció:Colección Presencia Teológica, 145
Matèries:
Etiquetes: Afegir etiqueta
Sense etiquetes, Sigues el primer a etiquetar aquest registre!

MARC

LEADER 00000cam a2200000 a 4500
001 UCC0213
003 CL-VaPUC
008 170721e20060000sp |||||||||||||||||spa|d
020 |a 8429316280 
082 0 4 |a 229  |b KLA  |2 21 
100 |a Klauck, Hans-Josef  |e author  |9 594127 
245 1 4 |a Los evangelios apócrifos: una introducción 
250 |a 2a. ed 
300 |a 342 p 
942 |c BK 
945 |d 20170721 23:48:00  |a arojas 
260 |a Santander  |b Editorial Sal Terrae  |c 2006 
650 0 |a Evangelios apócrifos   |9 269345 
650 0 |a Nuevo testamento  |9 257604 
650 0 |a Enseñanza de la religión  |9 432005 
583 |a last modification  |c 20170721 23:48:00  |k Rodrigo Vera 
490 0 |a Colección Presencia Teológica, 145 
999 |c 369109  |d 369107 
952 |0 0  |1 0  |3 erb  |4 0  |6 229_000000000000000_KLA_2006  |7 0  |8 A  |9 484666  |a BIBTEO  |b BIBTEO  |i 5410371  |o 229 KLA 2006  |p 5410371  |r 2025-01-17  |w 2019-11-24  |y BK  |z Catalogado en:20170721  |k ICR